Loading...
| Mythology | 4 | 5 | 0 | 3 | 110 | 32 | 70.78 | 3 | 8 | 39.06 | 67.05 |
| Philosophy | 1 | 3 | 1 | 3 | 40 | 38 | 92.25 | 2 | 3 | 7.61 | 27.27 |
| Literature - European | 1 | 2 | 0 | 1 | 35 | 66 | 82.33 | 1 | 2 | 11.35 | 21.59 |
| History - Ancient/Other | 1 | 1 | 1 | 0 | 20 | 40 | 54.50 | 0 | 2 | 12.11 | 18.06 |
| Fine Arts - Other | 1 | 0 | 0 | 0 | 15 | 59 | 59.00 | 1 | 1 | 5.00 | 9.09 |
| Social Science | 0 | 1 | 0 | 0 | 10 | 100 | 100.00 | 0 | 0 | 1.58 | 4.55 |
| Literature - American | 0 | 1 | 0 | 0 | 10 | 81 | 81.00 | 0 | 1 | 4.08 | 4.55 |
| Literature - World | 0 | 1 | 0 | 0 | 10 | 91 | 91.00 | 0 | 0 | 3.46 | 4.55 |
| Science - Other | 0 | 1 | 0 | 1 | 10 | 122 | 122.00 | 0 | 0 | 0.39 | 3.75 |
| Religion | 0 | 1 | 1 | 1 | 5 | 83 | 83.00 | 1 | 1 | 2.70 | 9.09 |
| Science - Biology | 0 | 0 | 1 | 0 | -5 | 0.00 | 0 | 0 | 0.00 | 0.00 | |
| Fine Arts - Classical Music | 0 | 0 | 1 | 0 | -5 | 0.00 | 0 | 0 | 0.00 | 0.00 |